MDQL
is popping MORE tags! Check the
thread
!
Quizzes
Events
Quiz Creation
Community
Videos
Private Events
Remove Ads
Sign In
Join for FREE
Feedback
Dark Mode
Quiz Categories
Sports
Geography
Music
Movies
Television
Just For Fun
Miscellaneous
History
Literature
Language
Science
Gaming
Entertainment
Religion
Holiday
For Kids
Quiz Lab
Recent
Popular Today
Quiz Kudos Today
Editor Picks
Curator Picks
Quizzes by...
Day
Popularity
Type
Ratings
Length
Year
Community
Subscriptions
Recent Discussions
Orange Saloon
Badges
Playlists
Quests
Create
Leaderboards
Showdown
Live 5
Trivia Bingo
Activity
Puzzle Library
Sporcle Events
Private Events
Virtual Trivia
Globe League
Become a Host
Pub Owners
SporcleCon
Opinionation
Our Games
Videos
Blog
Mobile Apps
Partnerships
Remove Ads and Go Orange
Feedback
Gaming
Video Games
Board Games
Card Games
Pokémon
Mario
Nintendo
Minecraft
Console
Toys
Legend of Zelda
Gaming
Video Games
Board Games
Card Games
Pokémon
Mario
Nintendo
Minecraft
Console
Toys
Legend of Zelda
Random Quiz
Search Sporcle
×
Quiz Lab
Quiz Lab
Gaming
Video Games
Type in answers that appear in a list
Type in answers that appear in a list
Classic
Best Score? Go Orange.
Civilization V Resources Stats
Can you name the Civilization V Resources
By
supernat
5m
38 Questions
278 Plays
278 Plays
278 Plays
Comments
Comments
Give Quiz Kudos
Give Quiz Kudos
-
- Ratings
hide this ad
Replay
Link that replays current quiz
Next Quiz
Link to next quiz in quiz playlist
You Got
0%
They Got
Avg Score
78%
Avg Friend Score
Upgrade to see
Score Distribution
Jump to the score distribution portion of the page
Score
0/38
Timer
05:00
0
Plays Today
Answer
% Correct
Iron
98.2%
Gold
96%
Horses
95.7%
Uranium
95.3%
Fish
95%
Oil
95%
Coal
94.6%
Silver
94.2%
Whales
91.7%
Aluminum
90.6%
Cattle
89.6%
Wheat
88.5%
Pearls
88.5%
Stone
86%
Gems
85.3%
Bananas
84.9%
Deer
83.1%
Copper
83.1%
Sheep
82.4%
Answer
% Correct
Spices
82%
Marble
82%
Furs
79.5%
Incense
77.3%
Crab
77.3%
Wine
75.2%
Silk
74.5%
Ivory
73.7%
Cotton
71.2%
Salt
70.5%
Dyes
69.8%
Sugar
65.1%
Citrus
63.7%
Jewelry
57.2%
Porcelain
56.1%
Truffles
55.4%
Nutmeg
51.4%
Pepper
47.1%
Cloves
42.8%
Quiz Playlist
Details
Report
Send in Message
Add To Playlist
Classic:
Type in answers that appear in a list
Quiz Source
Last Updated: Feb 16, 2017
Quiz Scoreboard
CHALLENGE
Sign Up to Join the Scoreboard
Show All
Scores
Hide
Comments
May contain spoilers
Recently Published
Famous 'C' Women
by xyz_
Entertainment
6m
Holiday 10x10 Sorting Gallery
by lukepisani3
Holiday
15m
Two Season TV Shows II
by 123Four
Television
10m
More to Explore
Quiz From the Vault
Featured Blog Post
14 Easter Pick-up Lines to Find Eggs With
hide this ad
You Might Also Like...
Tags
Video Games Quiz
Today's Top Quizzes in Gaming
Browse Gaming
hide this ad
Today's Top Quizzes in Video Games
Browse Video Games
Top Contributed Quizzes in Gaming
1
League of Legends Pro Players by Career/Team History
2
Destiny 2 exotic weapons by perk icons
3
Genshin Impact Logic Puzzle
4
Genshin Impact Logic Puzzle Quiz
5
Ultimate Genshin Impact Logic Puzzle (up to 4.3)
6
4x4 Decades: Video Games
7
Genshin murder mystery
8
Who's on the WWE 2K24 Cover?
9
Dead By Daylight Logic Puzzle
10
Image Sorting: Video Game Characters II
Explore More
Trending Topics
Crossword
Disney
Harry Potter
Marvel
NBA
Anime
Kpop
The Office
Song
Pokémon
Puzzle
Country
WWE
Soccer
NFL
hide this ad
More By:
supernat
Quiz
Plays
Rating
Category
Featured
Created
City Profile: London
46,933
4.43
Geography
Aug 23, 2010
Japanese Food Slideshow
4,585
4.67
Miscellaneous
Aug 12, 2014
Lyrics to 'Coal Miner's Daughter'
4,038
5.00
Music
May 22, 2013
Who Is The Horrible Histories Song About?
4,019
4.38
Television
Sep 22, 2011
Sabrina The Teenage Witch Characters
3,329
4.29
Television
May 15, 2010
Go to Creator's Profile
Score Distribution
Quiz Creator Spotlight
supernat
Follow
Send a Message
Quizzes Created
-
Created Quiz Play Count
-
More By This Creator
Popular Quizzes Today
1
Find the US States - No Outlines Minefield
2
Colored Red Africa Blitz
3
Find the 'City' Movie
4
The Countries of the World
5
Find the US States
6
5x2 Blitz: Bands
7
Find the Countries of Europe - No Outlines Minefield
8
US States
More Gaming Quizzes
17x9 Mosaic Logic Puzzle II
Quiz Lab
Trending Quizzes
Colored Red Europe Blitz I
Colored Red Europe Blitz II
Colored Red Africa Blitz II
Colored Red Africa Blitz III
Colored Red Europe Blitz III
Recently Updated
Odd Team Out - Big 4 Players
pecheneg
Quick Pick: 20 Twenties
pecheneg
March Madness Men's Triple Doubles
pecheneg
How Do You Spell That?
pecheneg
Godzilla Movies
pecheneg
Grab Bag: 4-10 Letters
pecheneg
2024 March Madness Bracket
pecheneg
Famous TV Couples
Peacemaker
Champions League XIs: Real Madrid
pecheneg
Largest US Cities 1790-2010
pecheneg
Trending Topics
Disney
Harry Potter
Marvel
Kpop
Crossword
NBA
Anime
Puzzle
WWE
The Office
Song
Country
NFL
Soccer
Pokémon
Your Account Isn't Verified!
In order to create a playlist on Sporcle, you need to verify the email address you used during registration. Go to your
Sporcle Settings
to finish the process.
Report this User
Report this user for behavior that violates our
Community Guidelines
.
Details:
Send Report
Go to the Sporcle.com Mobile Site →
Comments